Obtížna vec

Bibliographic Details
Corporate Author: Hornyánszky, Viktor (Budapest, Maďarsko) (Printer)
Other Authors: Hornyánszky, Viktor (Printer)
Format: Book
Language:Slovak
PhysicalDescription:24 s. 13 cm
Published: V Pešti Tiskem Victora Hornyánského 1873
Subjects:

MARC

LEADER 00000nam a2200000 a 4500
001 vtls011739934
003 SK-MaSNL
005 20260301044522.0
008 200612s1873 hu a 0 an0 slo
015 |a SNBHFA1873 
035 |a urn:nbn:sk:snk-am00cw58 
035 |a urn:nbn:sk:snk-am3hnk0 
035 |a 9BBB45EF-02C1-4F27-BAB1-A652FAE623A6 
040 |a SNKHF  |b slo  |c SNK  |e AACR2 
041 0 |a slo 
044 |a hu  |c HU 
072 7 |a 821.162.4  |x Slovenská literatúra  |2 konspekt 
080 |a 821.162.4  |2 2011 
130 0 |a Obtížna  |9 351069 
245 1 0 |a Obtížna vec 
260 |a V Pešti  |b Tiskem Victora Hornyánského  |c 1873 
300 |a 24 s.  |c 13 cm 
500 |a Ilustrovaná titulná strana. Ilustrácia v texte 
650 0 7 |a slovenská literatúra  |2 SNKPH  |9 1115 
700 1 |a Hornyánszky, Viktor  |4 prt  |9 268213 
710 0 |a Hornyánszky, Viktor (Budapest, Maďarsko)  |4 prt  |9 268214 
752 |a Maďarsko  |d Budapešť 
852 |a SNK  |p SE 50/1 
958 |a ONDV 
999 |c 596176  |d 598106 
952 |a SNK  |b SNK  |y PREZ  |7 0  |p 17A0730980  |o snkSE 50/1  |i snk924/27  |0 0  |1 0  |4 0  |d 2018-02-01  |f 1  |l 0  |r 2026-02-23 15:39:10  |w 2026-02-23 
952 |a SNK  |b SNK  |y PREZ  |7 0  |p 17A1299523  |o snkSE 50/1 D1  |i snkK 1410/81  |8 3  |z Rok: 1873   |0 0  |1 0  |4 0  |d 2018-02-01  |l 0  |r 2026-02-23 15:39:10  |w 2026-02-23